000 00686nam a2200193Ii 4500
003 JO-AjNU
008 230605s9999||||xx |||||||||||||| ||und||
040 _aJO-AjNU
_bara
_erda
_cJO-AjNU
041 _aara
050 1 4 _aQA76.73.B3 .V6712 1999
100 3 _aقاوجي، محمد جلال ؛ ترجمة سامح عطري ,
_eauthor
_931008
245 0 0 _a كتاب المبرمجVisual Basic 6. 
264 3 1 _aعمان:دار الحامد، 1999
300 _a1110ص
336 _atext
_btxt
_2rdacontent
337 _aunmediated
_bn
_2rdamedia
338 _avolume
_bnc
_2rdacarrier
650 4 _a فيجوال بيسك (برنامج حاسبات الالكترونية) 
_931009
999 _aA12356
_c15924
_d15924